Statistics for American Countries From English To Turkish

Click here to take the quiz!

General Stats

  • This quiz has been taken 154 times
  • The average score is 32 of 36

Answer Stats

EnglishTürkçe% Correct
CanadaKanada
100%
MexicoMeksika
97%
CubaKüba
96%
BrazilBrezilya
94%
PanamaPanama
94%
PeruPeru
94%
VenezuelaVenezuela
94%
ArgentinaArjantin
93%
Dominican RepublicDominik Cumhuriyeti
93%
ColombiaKolombiya
93%
ParaguayParaguay
93%
UruguayUruguay
93%
BahamasBahamalar
92%
HaitiHaiti
92%
JamaicaJamaika
92%
BoliviaBolivya
91%
EcuadorEkvador
91%
El SalvadorEl Salvador
91%
GuatemalaGuatemala
90%
Costa RicaKosta Rika
90%
HondurasHonduras
89%
ChileŞili
89%
BarbadosBarbados
88%
BelizeBelize
88%
GuyanaGuyana
88%
SurinameSurinam
88%
USAABD
86%
NicaraguaNikaragua
85%
DominicaDominika
84%
France/French GuineaFransa
84%
GrenadaGrenada
83%
Saint Kitts and NevisSaint Kitts
80%
Saint LuciaSaint Lucia
80%
Saint VincentSaint Vincent
79%
Antigua and BarbudaAntigua ve Barbuda
77%
Trinidad and TobagoTrinidad ve Tobago
74%

Score Distribution

Percentile by Number Answered

Percent of People with Each Score

Your Score History

You have not taken this quiz